Delivery Role (Record no. 121001)
[ view plain ]
| 000 -LEADER | |
|---|---|
| fixed length control field | 00639cai a22001935a 4500 |
| 001 - CONTROL NUMBER | |
| control field | L157888 |
| 008 - FIXED-LENGTH DATA ELEMENTS--GENERAL INFORMATION | |
| fixed length control field | 130625u2013 xxk g 000 0 eng d |
| 035 ## - SYSTEM CONTROL NUMBER | |
| System control number | (Sirsi) u157888 |
| 041 0# - LANGUAGE CODE | |
| Language code of text/sound track or separate title | eng |
| 100 ## - MAIN ENTRY--PERSONAL NAME | |
| Personal name | Ollereanshaw, Thurstan |
| 245 00 - TITLE STATEMENT | |
| Title | Delivery Role |
| 260 ## - PUBLICATION, DISTRIBUTION, ETC. | |
| Place of publication, distribution, etc. | RICS |
| Date of publication, distribution, etc. | 2013 |
| 490 ## - SERIES STATEMENT | |
| Series statement | RICS Construction Journal |
| Volume/sequential designation | June-July 2013, 20-21(2) |
| 520 ## - SUMMARY, ETC. | |
| Summary, etc. | Summarises the recent Appointing a Project Manager guidance note and why it will help clients to view project managers as a safe pair of hands. |
| 650 24 - SUBJECT ADDED ENTRY--TOPICAL TERM | |
| Topical term or geographic name entry element | Project management |
| 9 (RLIN) | 6261 |
| 651 #4 - SUBJECT ADDED ENTRY--GEOGRAPHIC NAME | |
| Geographic name | United Kingdom |
| Chronological subdivision | |
| 690 ## - LOCAL SUBJECT ADDED ENTRY--TOPICAL TERM (OCLC, RLIN) | |
| Topical term or geographic name as entry element | Project management |
| 9 (RLIN) | 6261 |
| 942 ## - ADDED ENTRY ELEMENTS (KOHA) | |
| Suppress in OPAC | 0 |
| Withdrawn status | Lost status | Source of classification or shelving scheme | Damaged status | Not for loan | Home library | Current library | Shelving location | Date acquired | Total Checkouts | Full call number | Barcode | Date last seen | Copy number | Price effective from | Koha item type |
|---|---|---|---|---|---|---|---|---|---|---|---|---|---|---|---|
| Dewey Decimal Classification | Virtual | Virtual | Online | 25/06/2013 | ONLINE PUBLICATION | 157888-1001 | 06/08/2019 | 1 | 06/08/2019 | Online material |